Normal view
MARC view
- Hickerson, Thomas Felix
Entry Personal Name
001 - CONTROL NUMBER
- control field: 43625
003 - CONTROL NUMBER IDENTIFIER
- control field: NUST
005 - DATE AND TIME OF LATEST TRANSACTION
- control field: 20210314132715.0
008 - FIXED-LENGTH DATA ELEMENTS
- fixed length control field: 210314|| aca||aabn | a|a d
040 ## - CATALOGING SOURCE
- Original cataloging agency: NUST
- Transcribing agency: NUST
100 ## - HEADING--PERSONAL NAME
- Personal name: Hickerson, Thomas Felix
670 ## - SOURCE DATA FOUND
- Source citation: Work cat.: (NUST): Hickerson, Thomas Felix,, Route location and design, [1967]
